[Event "ICS rated blitz match"]
[Site "207.99.83.227"]
[Date "1999.04.24"]
[Round "?"]
[White "Hossa"]
[Black "postalex"]
[Result "1-0"]
[WhiteElo "2411"]
[BlackElo "2070"]
[PlyCount "77"]

1. e4 Nc6 2. d4 d5 3. e5 Bf5 4. Nf3 e6 5. Bb5 Nge7 6. O-O a6 7. Ba4 b5 8. Bb3
Ng6 9. a4 Na5 10. Ba2 b4 11. c3 c5 12. cxb4 cxb4 13. Nbd2 Be7 14. Ne1 h5 15. b3
Rc8 16. Qe2 Qb6 17. Bb2 h4 18. Bb1 Bxb1 19. Rxb1 Nf4 20. Qf3 g5 21. Nd3 Rc2 22.
Qd1 Rxb2 23. Nxb2 Qxd4 24. Nf3 Qe4 25. Re1 Qg6 26. Rc1 g4 27. Rc8+ Bd8 28. Nd4
g3 29. fxg3 hxg3 30. h3 Kd7 31. Ra8 Nxh3+ 32. gxh3 Rxh3 33. Qc1 Rh1+ 34. Kxh1
Qh5+ 35. Kg2 Qh2+ 36. Kf3 Qf2+ 37. Kg4 f5+ 38. Kh5 Qh2+ 39. Kg6 {
postalex resigns} 1-0

[Event "ICS rated blitz match"]
[Site "207.99.83.227"]
[Date "1999.04.25"]
[Round "?"]
[White "oleum"]
[Black "Hossa"]
[Result "0-1"]
[WhiteElo "2310"]
[BlackElo "2415"]
[Annotator "Fritz 5.32 (15s)"]
[PlyCount "22"]

1. d4 d5 2. Nf3 Nf6 3. c4 dxc4 4. e3 b5 5. a4 c6 6. axb5 (6. b3 b4 7. Bxc4 a5
8. O-O e6 9. Bb2 Be7 10. Nbd2 O-O 11. Rc1 Nbd7 12. Bd3 c5 13. Ne4 cxd4 14. Nxd4
Bb7 15. Nc6 Bxc6 16. Rxc6 Rc8 17. Rxc8 17... Qxc8 {
1-0 Gluzin,Y-Smirnovs,A/EuYouth U12 Boys, Tallinn EST 1997 (17)}) 6... cxb5 7.
b3 Be6 8. bxc4 $146 (8. Nbd2 c3 9. Bxb5+ Bd7 10. Bxd7+ Nbxd7 11. Nc4 e6 12. O-O
Bb4 13. Qd3 O-O 14. Rd1 Qc7 15. e4 Rac8 16. e5 Ne8 17. Ng5 g6 18. Ne4 Nb6 19.
Bh6 Ng7 20. Nf6+ Kh8 21. Qh3 Rfd8 22. Bxg7+ 22... Kxg7 {
ban-wirejet/ICS 1995/1-0 (40)}) 8... Bxc4 {
Von c4 entfaltet der Laeufer einige Wirkung.} 9. Bxc4 bxc4 10. Qa4+ Nbd7 11.
Qxc4 $4 $19 {wirft den Vorteil weg.} (11. Ne5 $11 $142 {war relativ besser})
11... Rc8 (11... Rc8 12. Qc3 Rxc3 13. Nxc3 13... Qc7 $19) 0-1

[Event "ICS rated blitz match"]
[Site "207.99.83.227"]
[Date "1999.04.25"]
[Round "?"]
[White "Reckloose"]
[Black "Hossa"]
[Result "1-0"]
[WhiteElo "2752"]
[BlackElo "2426"]
[Annotator "Crafty v16.6"]
[PlyCount "164"]

{annotating for player Hossa using a scoring margin of +0.10 pawns. search
time limit is 10.00} 1. d4 1... f5 2. g3 e6 3. c4 Nf6 4. Bg2 d5 5. Nf3 dxc4 6.
O-O Nc6 7. Qa4 Bd7 8. Qxc4 Bd6 9. Ng5 Qe7 10. Bxc6 bxc6 11. Nd2 O-O 12. Nb3
Rab8 13. Bd2 Ng4 14. f3 Nf6 15. e4 h6 16. e5 Ne8 17. Nh3 Bb4 18. Be3 Qd8 19.
Nf4 Qc8 20. Rac1 Rf7 21. Rfd1 Rb6 22. a3 Bf8 23. Ng6 Rb5 24. Bd2 Rb8 25. Nxf8
Rxf8 26. Bb4 Rf7 27. Rd3 f4 28. Rc2 fxg3 29. hxg3 c5 30. Qxc5 Rb6 31. Rh2 Bb5
32. Re3 Qd8 33. f4 a6 34. Qc2 Ba4 35. Qc4 Bb5 36. Qc5 Rc6 37. Qa7 Rb6 38. Ba5
Rb8 39. Rc3 Rd7 40. Rc1 Ra8 41. Qb7 Rb8 42. Qf3 Qe7 43. Bb4 Qf7 44. Qg4 Kh8 45.
Nc5 Rxd4 46. Qxe6 Qxe6 47. Nxe6 Rd3 48. g4 Rg3+ 49. Kf2 Rxg4 50. Kf3 Rg6 51. f5
Rxe6 52. fxe6 Rb6 53. e7 Re6 54. Ke4 Ba4 55. Kd4 Kh7 56. Bc5 Bc6 57. Rf2 g5 58.
Rf7+ Kg6 59. Rf8 a5 60. Rcf1 Kh7 61. R1f7+ Kg6 62. b3 a4 63. bxa4 Bxa4 64. Rf2
h5 65. Rg8+ Ng7 66. Rff8 Bd7 67. Rd8 Ba4 68. Ra8 Bd7 69. Raf8 h4 70. Rf1 Be8
71. Rf3 Bf7 72. Rf8 Be8 73. R3f6+ Rxf6 74. exf6 Ne6+ 75. Ke5 Bd7 76. f7 Ng7 77.
e8=Q Bxe8 78. fxe8=Q+ Nxe8 79. Rxe8 Kf7 80. Rf8+ Kg6 81. Rg8+ Kf7 82. Rxg5 h3
1-0

[Event "ICS rated blitz match"]
[Site "207.99.83.227"]
[Date "1999.04.25"]
[Round "?"]
[White "Happychess"]
[Black "Hossa"]
[Result "1-0"]
[WhiteElo "2587"]
[BlackElo "2422"]
[Annotator "Crafty v16.6"]
[PlyCount "126"]

{annotating for player Hossa using a scoring margin of +0.10 pawns. search
time limit is 10.00} 1. e4 1... c5 2. Nf3 Nc6 3. d4 cxd4 4. Nxd4 e5 5. Nb5 Nf6
({8:-0.40} 5... Nf6 6. N1c3 d6 7. Be2 Be7 8. O-O O-O 9. Bg5 $14) ({8:-0.23} 
5... a6 6. Nd6+ Bxd6 7. Qxd6 Qe7 8. Qxe7+ Ngxe7 9. Bc4 O-O 10. O-O b5 11. Bb3
$10) 6. N1c3 Bb4 7. Nd6+ Ke7 ({8:-0.62} 7... Ke7 8. Nxc8+ Rxc8 9. Bd3 d5 10.
exd5 Nxd5 11. O-O Bxc3 12. bxc3 Nxc3 13. Qg4 $14) ({8:-0.35} 7... Bxd6 8. Qxd6
Qa5 9. Bd3 Qb4 10. Qxb4 Nxb4 11. Bg5 O-O 12. Bxf6 12... gxf6 $14) 8. Nxc8+ Rxc8
9. Bd3 d5 10. exd5 Nxd5 11. Bd2 Bxc3 12. bxc3 Kf8 13. c4 Nf6 14. O-O e4 15. Be2
Qe7 16. Re1 Rd8 17. Rb1 Kg8 18. Bd3 Rd7 19. Bg5 b6 20. Bxf6 Qxf6 21. Rxe4 Re7
22. Rxe7 Qxe7 23. Qe1 Qf8 24. Qe4 Ne7 25. c5 bxc5 26. Bc4 Ng6 27. Rb7 h5 28.
Qxg6 Rh6 29. Bxf7+ Kh8 30. Qg5 Rd6 31. Qxh5+ Rh6 32. Qe5 Rd6 33. Bd5 Kh7 34.
Rxg7+ Qxg7 35. Qh5+ Rh6 36. Qf5+ Rg6 37. g4 Qa1+ 38. Kg2 Kg7 39. g5 Qd4 40. c4
Kh7 41. Be4 Qg7 42. h3 Qg8 43. Qxg6+ Qxg6 44. Bxg6+ Kxg6 45. f4 a5 46. Kf3 Kf5
47. a4 Ke6 48. Ke4 Kd6 49. f5 Ke7 50. Ke5 Kf7 51. g6+ Kg7 52. Ke6 Kg8 53. f6
Kf8 54. h4 Ke8 55. h5 Kd8 56. h6 Kc7 57. h7 Kc6 58. g7 Kb6 59. f7 Kb7 60. h8=Q
Kc7 61. g8=Q Kc6 62. f8=Q Kb7 63. Kd6 Ka6 1-0

[Event "ICS rated blitz match"]
[Site "207.99.83.227"]
[Date "1999.04.25"]
[Round "?"]
[White "Hossa"]
[Black "Happychess"]
[Result "0-1"]
[WhiteElo "2413"]
[BlackElo "2596"]
[Annotator "Crafty v16.6"]
[PlyCount "75"]

{annotating for player Hossa using a scoring margin of +0.10 pawns. search
time limit is 10.00} 1. c4 1... e5 2. g3 Nf6 3. Bg2 Nc6 4. e4 ({10:-0.81} 4. e4
4... Bc5 5. Ne2 Ng4 6. O-O Qf6 7. Qe1 O-O 8. Nbc3 Nd4 9. Nxd4 9... Bxd4 $17) ({
10:-0.44} 4. Nf3 4... Bc5 5. O-O O-O 6. Nc3 Qe7 7. d3 d6 8. Nd5 Nxd5 9. cxd5
$15) 4... Bc5 5. d3 d6 6. Nf3 O-O 7. Bg5 h6 8. Bxf6 ({9:-1.04} 8. Bxf6 8...
Qxf6 9. Nc3 Nd4 10. Nd5 Qd8 11. O-O Nxf3+ 12. Qxf3 Bd4 13. Qh5 $17) ({9:-0.81} 
8. Be3 8... Bg4 9. Nc3 Nd4 10. h3 Bxf3 11. Bxf3 Qd7 12. Nd5 Nxd5 13. cxd5 Nxf3+
14. Qxf3 $17) 8... Qxf6 9. O-O Nd4 10. Nxd4 Bxd4 11. Nc3 c6 12. Rb1 Qg5 13. Kh1
f5 14. f4 Qg6 15. fxe5 dxe5 16. Ne2 Be3 17. Rf3 f4 18. gxf4 exf4 19. Qf1 Qd6
20. Bh3 Bxh3 21. Rxh3 Qxd3 22. Nc3 Rad8 23. Qxd3 Rxd3 24. Rd1 Rfd8 25. Rxd3
Rxd3 26. c5 Rd2 27. Na4 Rf2 28. e5 f3 29. Rxf3 Rxf3 30. Kg2 Rf2+ 31. Kg3 Kf7
32. a3 Ke6 33. b3 Bd4 34. h4 Kxe5 35. Kg4 h5+ 36. Kg3 Ra2 37. Kf3 Rxa3 38. Ke2
0-1

[Event "ICS rated blitz match"]
[Site "207.99.83.227"]
[Date "1999.04.25"]
[Round "?"]
[White "WeezerX"]
[Black "Hossa"]
[Result "1-0"]
[WhiteElo "2256"]
[BlackElo "2405"]
[Annotator "Crafty v16.6"]
[PlyCount "103"]

{annotating for player Hossa using a scoring margin of +0.10 pawns. search
time limit is 10.00} 1. e4 1... c6 2. d4 d5 3. Nc3 e6 ({8:-0.52} 3... e6 4. e5
c5 5. Nf3 cxd4 6. Bb5+ Nd7 7. Qxd4 7... Ne7 $14) ({8:-0.20} 3... dxe4 4. Nxe4
Nf6 5. Nxf6+ exf6 6. Nf3 Be7 7. Bd3 O-O 8. O-O 8... Bg4 $10) 4. Bf4 Bd7 ({
8:-0.77} 4... Bd7 5. Qf3 dxe4 6. Nxe4 Bb4+ 7. c3 Bf8 8. Nd6+ Bxd6 9. Bxd6 Nf6
10. Bc4 $16) ({8:-0.06} 4... Qb6 5. Rb1 dxe4 6. Nxe4 Qa5+ 7. Nd2 Qxa2 8. Bc4
Qa4 9. Ngf3 $10) 5. Rb1 dxe4 6. Nxe4 Qa5+ 7. c3 Qxa2 8. Ra1 Qd5 9. f3 a6 ({
8:-0.78} 9... a6 10. Be5 c5 11. Nd6+ Bxd6 12. Bxg7 Bxh2 13. Bxh8 Bg3+ 14. Kd2
$16) ({8:+0.05} 9... b5 10. Ne2 f5 11. N4g3 Nf6 12. Bxb8 Rxb8 13. Rxa7 13...
Bd6 $10) 10. Be5 c5 ({8:-1.05} 10... c5 11. c4 Qc6 12. Nd6+ Bxd6 13. Bxg7 Bxh2
14. Bxh8 Bg3+ 15. Kd2 $16) ({8:-0.72} 10... Bc8 11. Nd6+ Bxd6 12. Bxg7 Bxh2 13.
Bxh8 Bg3+ 14. Kd2 Bf4+ 15. Kc2 15... Nh6 $16) 11. c4 Qc6 12. dxc5 Nh6 13. b4
Nf5 14. g4 Ne3 15. Qd2 Nxf1 16. Kxf1 f6 17. b5 Qc8 18. Bd6 e5 19. Bxf8 Kxf8 20.
Qd6+ Kg8 21. Qb6 Be6 22. Nd6 Qd7 23. Ra4 h5 24. gxh5 Bf5 25. Nxf5 Qxf5 26. Qxb7
Qd3+ 27. Kf2 Qd4+ 28. Ke2 Kh7 29. Qxa8 Qb2+ 30. Kf1 Qc1+ 31. Kf2 Qc2+ 32. Ne2
Qxa4 33. Qe4+ Kg8 34. Qd5+ Kh7 35. b6 Rc8 36. b7 Rf8 37. Rb1 Kh8 38. Rb6 Qa5
39. Qd6 Kg8 40. Qe6+ Kh7 41. Qf5+ Kg8 42. Qc8 Nd7 43. Rc6 Nb8 44. Rc7 Kh7 45.
h6 Rg8 46. f4 Kxh6 47. Qh3+ Kg6 48. Qg4+ Kh6 49. f5 Qxc5+ 50. Kf1 Qf2+ 51. Kxf2
a5 52. Qg6# 1-0

[Event "ICS rated blitz match"]
[Site "207.99.83.227"]
[Date "1999.04.25"]
[Round "?"]
[White "Hossa"]
[Black "robbok1"]
[Result "0-1"]
[WhiteElo "2385"]
[BlackElo "2597"]
[Annotator "Crafty v16.6"]
[PlyCount "75"]

{annotating for player Hossa using a scoring margin of +0.10 pawns. search
time limit is 10.00} 1. e4 1... c5 2. Nc3 e6 3. Nf3 Nc6 4. Bb5 a6 5. Bxc6 dxc6
6. d3 ({9:+0.06} 6. d3 6... Nf6 7. Bg5 Be7 8. e5 Nd5 9. Bxe7 Nxe7 10. O-O 10...
O-O $10) ({9:+0.25} 6. O-O 6... Nf6 7. e5 Nd5 8. Nxd5 exd5 9. d4 Bg4 10. dxc5
Bxc5 11. Bf4 $10) 6... f6 7. Be3 Bd6 8. Nd2 b6 9. a4 ({9:+0.54} 9. a4 9... e5
10. Nc4 Ne7 11. a5 b5 12. Nb6 Rb8 13. O-O $14) ({9:+0.66} 9. Nc4 9... Bc7 10.
Qg4 g6 11. O-O e5 12. Qf3 Be6 13. Rae1 $14) 9... h5 10. a5 b5 11. Nb3 Qe7 12.
O-O e5 13. f4 exf4 14. Bxf4 Bxf4 15. Rxf4 Be6 16. Nd2 Qd6 17. Ne2 Ne7 18. Rf2
O-O 19. Nf4 Bg4 20. Qc1 g5 21. Ne2 Kg7 22. Nc3 Ng6 23. Nb3 Be6 24. Qe3 Bxb3 25.
cxb3 Ne5 26. Rf5 Rad8 27. Kh1 Qd4 28. Qe2 Qxd3 29. Qxh5 Rh8 30. Qd1 Qg3 31. h3
Rxd1+ 32. Rxd1 Ng4 33. Kg1 Rxh3 34. Rd7+ Kg6 35. Rxf6+ Nxf6 36. Rg7+ Kxg7 37.
Kf1 Rh1+ 38. Ke2 0-1

[Event "ICS Rated blitz match"]
[Site "207.99.83.227"]
[Date "1999.04.25"]
[Round "?"]
[White "TDChess"]
[Black "Hossa"]
[Result "1-0"]
[WhiteElo "2579"]
[BlackElo "2378"]
[Annotator "Crafty v16.6"]
[PlyCount "142"]

{annotating for player Hossa using a scoring margin of +0.10 pawns. search
time limit is 10.00} 1. d4 1... Nf6 2. Nf3 e6 3. e3 c5 4. Bd3 Nc6 5. O-O cxd4
6. exd4 Be7 7. c4 d5 8. c5 O-O 9. Nc3 b6 10. cxb6 Qxb6 11. a3 Bd7 ({7:-0.19} 
11... Bd7 12. Bc2 Bc8 13. Re1 Ba6 14. Bd3 14... Rac8 $10) ({7:-0.06} 11... Bb7
12. Ne5 Rac8 13. Nxc6 Bxc6 14. Re1 Bd6 15. Ne2 $10) 12. b4 Rac8 13. Na4 Qc7 14.
Ba6 Rb8 15. Qc2 Bd6 16. Nc3 Nd8 17. Bd3 Rc8 18. Bd2 Qb6 19. Rac1 Nc6 20. Na4
Nxd4 21. Nxb6 Rxc2 22. Rxc2 Nxf3+ 23. gxf3 axb6 24. Ra1 Ra8 25. Rcc1 Ba4 26.
Be3 Nd7 27. f4 Be7 28. Be2 Bf6 29. Rab1 d4 30. Bd2 Re8 31. Rc7 Rd8 32. Bd3 g6
33. Ra7 Bc6 34. Rc1 Nb8 35. a4 Bg7 36. a5 bxa5 37. b5 Bd5 38. Bxa5 Re8 39. Rac7
Bf8 40. Bb6 Bd6 41. Rc8 Rf8 42. Bxd4 Nd7 43. Rxf8+ Kxf8 44. Be3 Kg7 45. b6 Kf6
46. h4 h5 47. Ra1 Kg7 48. Bb5 Nf6 49. Ra6 Ne4 50. Ra7 Nf6 51. b7 Bf3 52. Ra6
Bb8 53. Ra8 Bxb7 54. Rxb8 Bd5 55. Bd4 Be4 56. Be8 Bf3 57. Rd8 Be4 58. Kh2 Bc2
59. Bxf6+ Kxf6 60. Rd7 Kf5 61. Kg3 Ke4 62. f3+ Ke3 63. Bxf7 Bb1 64. Rd6 e5 65.
fxe5 g5 66. hxg5 h4+ 67. Kxh4 Kf4 68. e6 Kxf3 69. Rd3+ Bxd3 70. e7 Kf2 71. e8=Q
Ba6 1-0

[Event "ICS rated blitz match"]
[Site "207.99.83.227"]
[Date "1999.04.25"]
[Round "?"]
[White "Hossa"]
[Black "Amateur"]
[Result "1-0"]
[WhiteElo "2370"]
[BlackElo "2394"]
[PlyCount "119"]

1. e4 e5 2. Nf3 Nc6 3. Bb5 a6 4. Ba4 Nf6 5. d3 b5 6. Bb3 Bd6 7. O-O Bb7 8. Nc3
Na5 9. Bg5 Nxb3 10. axb3 O-O 11. d4 exd4 12. Qxd4 Be7 13. e5 Nh5 14. Bxe7 Qxe7
15. Nd5 Bxd5 16. Qxd5 c6 17. Qd2 Qe6 18. Rfd1 Rfd8 19. Qg5 Qg6 20. Qxg6 fxg6
21. Rd4 Ra7 22. Rad1 c5 23. Rd6 a5 24. e6 Nf4 25. g3 Nh5 26. Ne5 Rc7 27. Nc6
Rxc6 28. Rxc6 Nf6 29. Rxc5 d5 30. Rxb5 Ra8 31. Ra1 Re8 32. Rb6 Ne4 33. Rxa5 Ng5
34. Rxd5 Nxe6 35. Re5 Kf7 36. f4 Kf6 37. h4 Re7 38. b4 Kf7 39. c3 Nd8 40. Rxe7+
Kxe7 41. b5 Ne6 42. b4 Nd8 43. Ra6 h6 44. Ra7+ Ke6 45. b6 Nc6 46. b5 Nd8 47. b7
Nxb7 48. Rxb7 Kd6 49. Rxg7 Kc5 50. Rxg6 Kxb5 51. Rxh6 Kc5 52. h5 Kd5 53. Rg6
Ke4 54. h6 Kf5 55. Rg5+ Ke6 56. h7 Kf6 57. h8=Q+ Kf7 58. Qe5 Kf8 59. Qc7 Ke8
60. Rg8# {Amateur checkmated} 1-0

[Event "ICS Rated blitz match"]
[Site "207.99.83.227"]
[Date "1999.04.25"]
[Round "?"]
[White "Hossa"]
[Black "Pikulis"]
[Result "0-1"]
[WhiteElo "2387"]
[BlackElo "2041"]
[Annotator "Crafty v16.6"]
[PlyCount "70"]

{annotating for player Hossa using a scoring margin of +0.10 pawns. search
time limit is 10.00} 1. c4 1... Nf6 2. d4 d6 3. Nf3 g6 4. Bf4 ({9:-0.14} 4. Bf4
4... Bg7 5. e3 Nh5 6. Bg5 Nc6 7. Bd3 f6 8. Bh4 $10) ({9:-0.01} 4. e3 4... Bg7
5. Bd3 O-O 6. O-O Nc6 7. Nc3 Bg4 8. Bd2 $10) 4... Bg7 5. e3 O-O 6. Be2 c5 7.
O-O Nc6 8. Nc3 cxd4 9. exd4 d5 10. Ne5 Qb6 11. Na4 Qxd4 12. Nxc6 Qxf4 13. Nxe7+
Kh8 14. Nxd5 Nxd5 15. cxd5 Bf5 16. g3 Qb4 17. a3 Qd6 18. Qb3 Rfe8 19. Rfe1 Re7
20. Bd3 Bh3 21. Rxe7 Qxe7 22. Bf1 Bf5 23. d6 Qxd6 24. Qxb7 Rc8 25. Qxa7 Bd4 26.
Qxf7 Bxf2+ 27. Kg2 Be3 28. Qb7 Rc2+ 29. Kh1 Qd2 30. Qa8+ Kg7 31. Bg2 Rc1+ 32.
Bf1 Qf2 33. Qb7+ Kh6 34. Qg2 Be4 35. b3 Qxg2# 0-1

[Event "ICS rated blitz match"]
[Site "207.99.83.227"]
[Date "1999.04.25"]
[Round "?"]
[White "SABINAH"]
[Black "Hossa"]
[Result "0-1"]
[WhiteElo "2117"]
[BlackElo "2359"]
[PlyCount "49"]

1. e4 c5 2. Nf3 Nc6 3. d4 cxd4 4. Nxd4 e5 5. Nb5 a6 6. Nd6+ Bxd6 7. Qxd6 Qe7 8.
Qc7 d5 9. Qxe7+ Ngxe7 10. exd5 Nxd5 11. c3 Be6 12. Bc4 Ndb4 13. cxb4 Bxc4 14.
a3 Nd4 15. Kd2 Nb3+ 16. Kc3 Rc8 17. Nd2 Bd5+ 18. Kd3 Nxa1 19. b3 Bxg2 20. Rg1
Bd5 21. Bb2 Nxb3 22. Nxb3 Bxb3 23. Bxe5 f6 24. Bc3 Kf7 25. Re1 {SABINAH resigns
} 0-1

[Event "ICS Rated blitz match"]
[Site "207.99.83.227"]
[Date "1999.04.25"]
[Round "?"]
[White "newfisher"]
[Black "Hossa"]
[Result "0-1"]
[WhiteElo "2118"]
[BlackElo "2365"]
[PlyCount "134"]

1. d4 Nf6 2. Nf3 e6 3. Bg5 d5 4. e3 Bd6 5. c4 O-O 6. Nc3 c6 7. c5 Be7 8. Bd3 h6
9. Bxf6 Bxf6 10. Bc2 b6 11. Qd3 g6 12. cxb6 axb6 13. Qd2 Bg7 14. O-O Nd7 15.
Rfd1 Ba6 16. Rac1 Kh8 17. a3 Qc8 18. b4 Bc4 19. a4 Qc7 20. b5 c5 21. Nb1 Rfc8
22. Na3 cxd4 23. exd4 Qd8 24. Ne5 Nxe5 25. dxe5 Qg5 26. f4 Qg4 27. Nxc4 Rxc4
28. g3 Qh3 29. Bb3 Rxc1 30. Rxc1 Bf8 31. Qg2 Bc5+ 32. Kf1 Qxg2+ 33. Kxg2 h5 34.
Kf3 Ra5 35. Ke2 Kg8 36. h3 Kh8 37. g4 Kg7 38. Kf3 h4 39. Ke2 Ra7 40. Kf3 Ba3
41. Rc6 Bc5 42. Ke2 Bd4 43. Kf3 Ra8 44. Ke2 Bg1 45. Kf3 Rd8 46. Bc2 Bd4 47. Ke2
Re8 48. Kd3 Bf2 49. Ke2 Bg1 50. Kf1 Be3 51. f5 gxf5 52. gxf5 exf5 53. Bxf5 Rxe5
54. Bg4 Rg5 55. Ke2 Bg1 56. Rc7 Re5+ 57. Kf3 Kg6 58. Bd7 f5 59. Bc6 Bc5 60. Rc8
Re3+ 61. Kg2 Rg3+ 62. Kh2 Bg1+ 63. Kh1 Bd4 64. Kh2 Be5 65. Ra8 Ra3+ 66. Kg2
Ra2+ 67. Kg1 67... d4 {newfisher resigns} 0-1

[Event "ICS rated blitz match"]
[Site "207.99.83.227"]
[Date "1999.04.25"]
[Round "?"]
[White "Hossa"]
[Black "Pikulis"]
[Result "0-1"]
[WhiteElo "2371"]
[BlackElo "2099"]
[Annotator "Crafty v16.6"]
[PlyCount "115"]

{annotating for player Hossa using a scoring margin of +0.10 pawns. search
time limit is 10.00} 1. Nf3 1... Nf6 2. d4 d5 3. Bf4 ({8:-0.28} 3. Bf4 3... Nh5
4. Bd2 Nc6 5. Nc3 Bf5 6. Nb5 6... Be4 $10) ({8:-0.13} 3. e3 3... e6 4. Bb5+ Bd7
5. Bxd7+ Nfxd7 6. c4 dxc4 7. Qa4 Nc6 8. Qxc4 $10) 3... e6 4. e3 Nbd7 5. Bd3 ({
8:-0.20} 5. Bd3 5... Be7 6. Ne5 O-O 7. O-O Nxe5 8. Bxe5 Nd7 9. Bf4 $10) ({
8:-0.08} 5. Nc3 5... Bd6 6. Bxd6 cxd6 7. Bb5 O-O 8. O-O Ng4 9. Qd3 $10) 5... c5
6. O-O c4 7. Be2 Nh5 8. Bg5 f6 9. Bh4 g6 10. b3 ({8:+0.30} 10. b3 10... cxb3
11. axb3 Ng7 12. Nbd2 Nf5 13. Bb5 Nxh4 14. Bxd7+ Bxd7 15. Nxh4 $10) ({8:+0.59} 
10. e4 10... dxe4 11. Nfd2 Ng7 12. Bxc4 Nf5 13. Qg4 Nxh4 14. Qxh4 $14) 10...
cxb3 11. axb3 Ng7 12. Nc3 Nf5 13. Nb5 a6 14. Bg3 Nxg3 15. fxg3 Nb6 16. Na3 e5
17. dxe5 Bc5 18. Qd2 Qe7 19. Nb1 fxe5 20. Qc3 O-O 21. Nxe5 Bf5 22. Ra2 Rad8 23.
Rd1 d4 24. Bc4+ Kg7 25. Rxd4 Qxe5 26. Rxd8 Bxe3+ 27. Kh1 Qxc3 28. Nxc3 Rxd8 29.
Be2 Rd2 30. Bf3 Rf2 31. h4 Rf1+ 32. Kh2 Bg1+ 33. Kh1 Bd4+ 34. Kh2 Bxc3 35. Bxb7
a5 36. Ba6 Re1 37. Bd3 Ra1 38. Rxa1 Bxa1 39. Bxf5 gxf5 40. Kg1 Kf6 41. Kf2 Ke5
42. Ke3 h5 43. Kd3 Nd5 44. Kd2 Bc3+ 45. Kd3 Bd4 46. Ke2 Bc3 47. Kd3 Bb4 48. Ke2
Ke4 49. c4 Nc3+ 50. Kd2 Na4+ 51. Kc1 Nc5 52. g4 fxg4 53. Kb2 Kd3 54. Kb1 Nxb3
55. Kb2 a4 56. c5 Bxc5 57. Kb1 a3 58. g3 0-1

[Event "ICS rated blitz match"]
[Site "207.99.83.227"]
[Date "1999.04.25"]
[Round "?"]
[White "heraclio"]
[Black "Hossa"]
[Result "1/2-1/2"]
[WhiteElo "2018"]
[BlackElo "2345"]
[PlyCount "159"]

1. e4 c5 2. Nf3 Nc6 3. Bb5 d6 4. O-O e5 5. Re1 Nf6 6. c3 Bg4 7. h3 Bxf3 8. Qxf3
Be7 9. d3 O-O 10. Nd2 Qd7 11. Nf1 Nd4 12. cxd4 Qxb5 13. d5 Rae8 14. Ne3 Qxd3
15. Nf5 Qxf3 16. gxf3 Nd7 17. f4 f6 18. Bd2 Nb6 19. b3 Kh8 20. Kg2 Rf7 21. Ng3
c4 22. f5 Rc8 23. Rec1 Bd8 24. Rc2 Rfc7 25. Rac1 cxb3 26. Rxc7 Rxc7 27. axb3
Rxc1 28. Bxc1 a5 29. Ba3 Bc7 30. Kf3 a4 31. bxa4 Nxa4 32. Ke2 Nc3+ 33. Kd3 Nb5
34. Bb4 Nd4 35. Nf1 Kg8 36. Ne3 Kf7 37. Nc2 Nxc2 38. Kxc2 g5 39. f3 Ke7 40. Kd3
b5 41. Kc3 Bb6 42. Kb3 Bc5 43. Ba5 h5 44. Kc3 Kd7 45. Kb3 Ke8 46. Kc3 h4 47.
Kb3 Kd7 48. Kc3 Ke7 49. Kb3 Ke8 50. Kc3 Kd7 51. Kb3 Ke7 52. Kc3 Kf7 53. Kb3 Kf8
54. Kc3 Kg7 55. Kb3 Kf7 56. Kc3 Bf2 57. Kb3 Ke7 58. Kc2 Bg3 59. Kb3 Bf4 60. Kb4
Be3 61. Kxb5 Kd7 62. Bb4 Bd4 63. Ka6 Bg1 64. Kb7 Bc5 65. Ba5 Be3 66. Ka6 Bf2
67. Kb5 Bg3 68. Bb4 Bh2 69. Ba5 Bg1 70. Ka6 Be3 71. Kb5 Bc5 72. Ka6 Bg1 73. Kb5
Bd4 74. Ka6 Bb2 75. Kb5 Ba3 76. Ka6 Ke7 77. Kb7 Kd7 78. Ka6 Ke7 79. Kb7 Kd7 80.
Ka6 {Game drawn by repetition} 1/2-1/2

[Event "ICS rated blitz match"]
[Site "207.99.83.227"]
[Date "1999.04.25"]
[Round "?"]
[White "Hossa"]
[Black "heraclio"]
[Result "1/2-1/2"]
[WhiteElo "2333"]
[BlackElo "2030"]
[PlyCount "255"]

1. e4 c5 2. Nf3 e6 3. Nc3 Nc6 4. Bb5 Nge7 5. d3 a6 6. Bxc6 Nxc6 7. Bg5 Be7 8.
Bxe7 Qxe7 9. O-O O-O 10. Qd2 b5 11. Qf4 d6 12. Rae1 Nd4 13. Nxd4 cxd4 14. Ne2
e5 15. Qg3 Be6 16. f4 f6 17. Rf2 a5 18. Ref1 a4 19. a3 Rac8 20. c3 dxc3 21.
Nxc3 Rc5 22. Ne2 Rc2 23. Nc3 Rxf2 24. Qxf2 Qb7 25. fxe5 dxe5 26. Qc5 Rd8 27.
Rf3 Rb8 28. d4 exd4 29. Qxd4 Qb6 30. Qxb6 Rxb6 31. Rd3 Kf7 32. Rd4 Bc4 33. Nxa4
bxa4 34. Rxc4 Rxb2 35. Rxa4 Ra2 36. h4 Kg6 37. Kh2 Re2 38. Kg3 h5 39. Kf3 Rb2
40. Ra7 Rb3+ 41. Kf4 Rb1 42. g3 Rb3 43. a4 Ra3 44. a5 Kh6 45. Ra6 Ra4 46. Ra8
Ra3 47. a6 Ra5 48. a7 Kg6 49. g4 hxg4 50. h5+ Kf7 51. Kxg4 Ra1 52. Kf3 Ra3+ 53.
Ke2 Ra2+ 54. Kd3 Ra1 55. Kc3 Ra6 56. Kb3 Ra1 57. Kb4 Ra2 58. Kc5 Ra1 59. Kb5
Rb1+ 60. Kc4 Rc1+ 61. Kd4 Ra1 62. Kc5 Rc1+ 63. Kb4 Rb1+ 64. Kc3 Ra1 65. Kd3
Ra3+ 66. Kd2 Ra2+ 67. Kd1 Ra1+ 68. Kc2 Ra2+ 69. Kb1 Ra6 70. h6 Kg6 71. Kb2 Kh7
72. hxg7 Kxg7 73. Kb3 Ra1 74. Kc3 Ra4 75. Kd3 Ra1 76. Kd4 Ra4+ 77. Kc3 Ra1 78.
Kb3 Ra6 79. Kc4 Ra1 80. Kd5 Ra2 81. Kc5 Ra1 82. Kc4 Ra2 83. Kb5 Rb2+ 84. Kc5
Rc2+ 85. Kd4 Ra2 86. e5 fxe5+ 87. Kxe5 Re2+ 88. Kd6 Rd2+ 89. Kc6 Rc2+ 90. Kb6
Rb2+ 91. Ka6 Ra2+ 92. Kb7 Rb2+ 93. Kc7 Rc2+ 94. Kd7 Rd2+ 95. Ke6 Re2+ 96. Kd5
Rd2+ 97. Kc4 Ra2 98. Kb4 Ra1 99. Kb5 Rb1+ 100. Kc6 Rc1+ 101. Kd6 Rd1+ 102. Ke5
Ra1 103. Ke6 Re1+ 104. Kd5 Rd1+ 105. Ke4 Ra1 106. Kd4 Rd1+ 107. Kc5 Rc1+ 108.
Kb6 Rb1+ 109. Ka5 Ra1+ 110. Kb4 Rb1+ 111. Kc4 Rc1+ 112. Kb3 Ra1 113. Kc3 Ra6
114. Kd4 Ra1 115. Ke4 Ra4+ 116. Kd3 Ra1 117. Ke3 Ra4 118. Kf3 Ra3+ 119. Ke2
Ra2+ 120. Kd1 Ra1+ 121. Kd2 Ra2+ 122. Ke3 Ra4 123. Kf3 Ra1 124. Kf2 Ra2+ 125.
Kf1 Ra1+ 126. Kf2 Ra2+ 127. Kf1 Ra1+ 128. Kf2 {Game drawn by repetition}
1/2-1/2

[Event "ICS rated blitz match"]
[Site "207.99.83.227"]
[Date "1999.04.25"]
[Round "?"]
[White "Hossa"]
[Black "Asav"]
[Result "1-0"]
[WhiteElo "2327"]
[BlackElo "2005"]
[PlyCount "33"]

1. d4 d5 2. e3 c6 3. Bd3 Nf6 4. Nf3 h5 5. c4 h4 6. cxd5 cxd5 7. Nc3 h3 8. Rg1
hxg2 9. Rxg2 Bg4 10. Be2 Bh3 11. Rg5 Bg4 12. Nxd5 Bxf3 13. Bxf3 Rxh2 14. Nxf6+
gxf6 15. Rb5 Nc6 16. Rxb7 Qc8 17. Qa4 {Asav resigns} 1-0

[Event "ICS rated blitz match"]
[Site "207.99.83.227"]
[Date "1999.04.25"]
[Round "?"]
[White "Hossa"]
[Black "Asav"]
[Result "1-0"]
[WhiteElo "2335"]
[BlackElo "1997"]
[Annotator "Fritz 5.32 (15s)"]
[PlyCount "27"]

1. d4 a6 2. e4 2... c6 $146 (2... d5 3. exd5 Qxd5 4. Nc3 Qa5 5. Nf3 e6 6. Bd3
c6 7. O-O Nf6 8. Qe2 Be7 9. Ne5 Qd8 10. Be3 Nbd7 11. Rad1 O-O 12. f4 Re8 13.
Rf3 Nf8 14. Rh3 g6 15. g4 Nd5 16. g5 f6 17. gxf6 {
Akiba,R-Isidor,G/St.Petersburg-1 1914/1-0 (33)}) (2... b5 3. Bd3 Bb7 4. Nf3 e6
5. O-O Nf6 6. Qe2 c5 7. dxc5 Bxc5 8. Nc3 Qc7 9. e5 Nd5 10. Nxd5 Bxd5 11. a4 b4
12. Be4 Bxe4 13. Qxe4 Ra7 14. Qg4 Kf8 15. Be3 Rb7 16. Rad1 Be7 17. Rd2 {
Mestrovic,Z-Kristovic,M/Open, Zadar CRO 1997/1-0 (51)}) (2... e6 3. Nf3 b5 4.
Bd3 c5 5. dxc5 Bxc5 6. c4 Nf6 7. cxb5 axb5 8. O-O Bb7 9. e5 Ng4 10. h3 Nh6 11.
Bxh6 gxh6 12. Bxb5 Rg8 13. Qd3 Nc6 14. Qxh7 Rg6 15. Bd3 Nxe5 16. Qh8+ Ke7 17.
Qxe5 Bd6 18. Qe3 Rxg2+ 19. Kxg2 Qa5 20. Bh7 Rh8 21. Be4 Rg8+ 22. Kh1 Qh5 23.
Nh4 Qe5 24. Nf5+ exf5 25. Bxb7 {
1-0 Comp Mephisto Portorose-Borsos,B/Dortmund 1990 (25)}) 3. Nf3 d5 4. exd5
cxd5 5. Bd3 Nf6 6. Bg5 Nc6 7. O-O Bg4 8. c3 e6 9. Nbd2 Bd6 10. Qc2 10... O-O
$16 (10... h6 $142 {und Schwarz kann noch kaempfen} 11. Bh4 11... O-O $11) 11.
Bxh7+ $1 {bleibt am Druecker} 11... Kh8 12. Bd3 Rc8 13. a3 b5 14. Rae1 (14.
Rae1 Rc7 15. Qb1 $18) 1-0